[Event "Ïåðâåíñòâî Ìîñêâû ïî øàõìàòàì 2015 ñðåäè ìàëü÷èêîâ (Ì13)"]
[Site "Moscow"]
[Date "2015.11.13"]
[Round "2.27"]
[White "Òðîôèìîâ, Áîðèñ"]
[Black "Ãóáàíîâ, Òèìîôåé"]
[Result "1-0"]
[WhiteElo "1560"]
[BlackElo "1418"]
[PlyCount "0"]
[EventDate "2015.11.12"]

1.e4 c5 2.Nf3 d6 3.d4 cxd4 4.Nxd4 g6 5.Nc3 Nf6 6.f3 Bg7 7.Be3
O-O 8.Be2 Nc6 9.Qd2 h5 10.O-O-O d5 11.Nxc6 bxc6 12.exd5 Nxd5
13.Nxd5 cxd5 14.Qxd5 Qc7 15.Qc5 Qb7 16.Qb5 Qxb5 17.Bxb5 Rb8 18.Bc4
Rxb2 19.Bd3 Bf5 20.Bd4 Rxc2+ 21.Bxc2 Rc8 22.Bxg7 Rxc2+ 23.Kb1
Rxg2+ 24.Ka1 Kxg7 25.Rdg1 Rf2 26.Rf1 Rd2 27.Rd1 Rg2 28.Rdg1 Bh3
29.f4 Rf2 30.Rg3 Bf5 31.Ra3 Rxf4 32.Rxa7 e5 33.Re1 e4 34.Ra5
Rh4 35.Rg1 Kf6 36.Rg2 e3 37.Ra3 Rh3 38.Re2 Bg4 39.Raxe3 Bxe2
40.Rxh3 g5 41.Re3 Bd1 42.Kb2 Kf5 43.Kc1 Ba4 44.Kd2 Kf4 45.Rc3
Bb5 46.a4 Ba6 47.Ke1 f5 1-0

[Event "Ïåðâåíñòâî Ìîñêâû ïî øàõìàòàì 2015 ñðåäè ìàëü÷èêîâ (Ì13)"]
[Site "Moscow"]
[Date "2015.11.13"]
[Round "2.28"]
[White "Èâàíîâ, Åãîð"]
[Black "Çàéöåâ, Þðèé"]
[Result "0-1"]
[WhiteElo "1348"]
[BlackElo "1554"]
[PlyCount "0"]
[EventDate "2015.11.12"]

1.d4 Nf6 2.Nf3 g6 3.Bf4 Bg7 4.e3 d6 5.Nbd2 O-O 6.Be2 Nh5 7.Bg5
h6 8.Bh4 g5 9.Bg3 Nxg3 10.hxg3 Nd7 11.c3 c5 12.Qc2 e6 13.Bd3
f5 14.O-O-O d5 15.Rh2 c4 16.Be2 b5 17.Rdh1 a5 18.b3 cxb3 19.Qxb3
b4 20.Kd1 bxc3 21.Qxc3 Bb7 22.Bd3 Rc8 23.Qb2 Nc5 24.Qb5 Ba6 25.Qb1
Nxd3 26.Ke2 Nb2+ 27.Ke1 Qc7 28.Nb3 Qc3+ 29.Nfd2 Nd3+ 30.Ke2 Nc1+
31.Kf3 Be2# 0-1

[Event "Ïåðâåíñòâî Ìîñêâû ïî øàõìàòàì 2015 ñðåäè ìàëü÷èêîâ (Ì13)"]
[Site "Moscow"]
[Date "2015.11.13"]
[Round "2.29"]
[White "Èâàíîâ, Èëüÿ"]
[Black "Òèøêèí, Áîðèñ"]
[Result "0-1"]
[WhiteElo "1544"]
[BlackElo "1390"]
[PlyCount "0"]
[EventDate "2015.11.12"]

1.d4 d5 2.c4 e6 3.Nc3 Nf6 4.e3 Be7 5.Nf3 O-O 6.Bd3 dxc4 7.Bxc4
c5 8.O-O Nc6 9.dxc5 Bxc5 10.b3 a6 11.Bb2 b5 12.Bd3 Bb7 13.Qc2
Nb4 14.Qb1 Qxd3 15.Ba3 Rac8 16.Bxb4 Qxb1 17.Raxb1 Bxb4 18.Ne2
Rc2 19.Ned4 Rxa2 20.Ne5 Rc8 21.Nd3 Bd2 22.Rfd1 Be4 0-1

[Event "Ïåðâåíñòâî Ìîñêâû ïî øàõìàòàì 2015 ñðåäè ìàëü÷èêîâ (Ì13)"]
[Site "Moscow"]
[Date "2015.11.13"]
[Round "2.30"]
[White "Øèÿôåòäèíîâ, Äàíèèë"]
[Black "Êàçàêîâ, Ãëåá"]
[Result "1/2-1/2"]
[WhiteElo "1334"]
[BlackElo "1522"]
[PlyCount "0"]
[EventDate "2015.11.12"]

1.d4 d5 2.c4 e6 3.Nc3 Be7 4.cxd5 exd5 5.Nf3 Nf6 6.Bg5 Bf5 7.Bxf6
Bxf6 8.Qb3 b6 9.Qxd5 Qxd5 10.Nxd5 Bd8 11.e3 O-O 12.Be2 Be6 13.Nc3
Nd7 14.O-O Nf6 15.h3 Be7 16.a3 c5 17.dxc5 Bxc5 18.Rfd1 Bb3 19.Rd2
Rfd8 20.Kf1 Kf8 21.Ke1 Ke7 22.Rxd8 Rxd8 23.Bd1 Bxd1 24.Rxd1 Rc8
25.Nd4 g6 26.Ke2 Bxa3 27.Ncb5 Bxb2 28.Nxa7 Rc7 29.Ndc6+ Kf8 30.Rd8+
Kg7 31.Rc8 Rd7 32.Rd8 Rc7 33.Rc8 Rd7 34.Rd8 Rb7 35.Rb8 Rc7 36.Rc8
Rd7 1/2-1/2

[Event "Ïåðâåíñòâî Ìîñêâû ïî øàõìàòàì 2015 ñðåäè ìàëü÷èêîâ (Ì13)"]
[Site "Moscow"]
[Date "2015.11.13"]
[Round "2.31"]
[White "Êíÿçåâ, Àðòåì"]
[Black "Æóê, Êèðèëë"]
[Result "0-1"]
[WhiteElo "1504"]
[BlackElo "1351"]
[PlyCount "0"]
[EventDate "2015.11.12"]

1.d4 d5 2.c4 e6 3.cxd5 exd5 4.Nc3 Nf6 5.Bg5 Be7 6.Qc2 h6 7.Bxf6
Bxf6 8.O-O-O c6 9.Kb1 Nd7 10.e4 dxe4 11.Qxe4+ Qe7 12.Qxe7+ Bxe7
13.d5 c5 14.d6 Bf6 15.Re1+ Kd8 16.Bb5 a6 17.Bxd7 Bxd7 18.Ne4
Re8 19.Nf3 Bf5 20.Nfd2 Bg5 21.Ka1 Bxd2 22.Nxd2 Kd7 23.Nc4 Kc6
24.Ne5+ Kxd6 25.Nxf7+ Kc7 26.Ne5 Rad8 27.Nf3 Be4 28.Re3 Re7 29.b3
Rde8 30.Rhe1 Re6 31.Nd2 Bd5 32.Rxe6 Rxe6 33.Rxe6 Bxe6 34.f4 b5
35.Kb2 Bd5 36.g3 Kd6 37.Kc3 Ke6 38.a3 Kf5 39.Nf1 Ke4 40.b4 c4
41.Kd2 Kd4 42.h4 Be4 43.Nh2 c3+ 44.Kc1 Kc4 45.Ng4 Kb3 46.Nxh6
gxh6 47.g4 Bf3 48.g5 hxg5 49.fxg5 Bh5 50.g6 Bxg6 51.h5 Bxh5 52.a4
bxa4 0-1

[Event "Ïåðâåíñòâî Ìîñêâû ïî øàõìàòàì 2015 ñðåäè ìàëü÷èêîâ (Ì13)"]
[Site "Moscow"]
[Date "2015.11.13"]
[Round "2.32"]
[White "Ëóòàí, Ãëåá"]
[Black "Àãàáåêîâ, Ñàâåëèé"]
[Result "0-1"]
[WhiteElo "1320"]
[BlackElo "1502"]
[PlyCount "0"]
[EventDate "2015.11.12"]

1.d4 e6 2.c4 c5 3.d5 exd5 4.cxd5 d6 5.Nc3 a6 6.e4 g6 7.a4 Bg7
8.Bd3 Ne7 9.Bg5 O-O 10.Nge2 Nd7 11.O-O Ne5 12.h3 h6 13.Bh4 g5
14.Bg3 N7g6 15.f4 gxf4 16.Bxf4 Nxf4 17.Nxf4 Qg5 18.Bc2 Nc4 19.Qc1
Bd4+ 20.Kh1 Be3 21.Qe1 Bxf4 22.Rf3 Ne5 23.Rf1 Qg3 24.Qxg3+ Bxg3
25.b3 Bh4 26.a5 Bg5 27.Rad1 Kg7 28.g3 Bxh3 0-1

[Event "Ïåðâåíñòâî Ìîñêâû ïî øàõìàòàì 2015 ñðåäè ìàëü÷èêîâ (Ì13)"]
[Site "Moscow"]
[Date "2015.11.13"]
[Round "2.33"]
[White "Èâàíîâ-×åðíåö, Êèðèëë"]
[Black "Áîãåð, Þðèé"]
[Result "1-0"]
[WhiteElo "1491"]
[BlackElo "1321"]
[PlyCount "0"]
[EventDate "2015.11.12"]

1.Nf3 g6 2.g3 Bg7 3.Bg2 Nf6 4.O-O O-O 5.d3 c5 6.e4 d6 7.Nc3 Nc6
8.h3 h6 9.a3 a5 10.Nh2 e6 11.f4 e5 12.Nf3 Nd7 13.fxe5 Ndxe5 14.Nxe5
Nxe5 15.Nd5 Be6 16.Nf4 Qe7 17.Nxe6 fxe6 18.Rxf8+ Qxf8 19.Qe2
Qe7 20.c3 Qd7 1-0

[Event "Ïåðâåíñòâî Ìîñêâû ïî øàõìàòàì 2015 ñðåäè ìàëü÷èêîâ (Ì13)"]
[Site "Moscow"]
[Date "2015.11.13"]
[Round "2.34"]
[White "Ïåòóõîâ, Íèêèòà"]
[Black "Ùåðáàêîâ, Ìèõàèë"]
[Result "1/2-1/2"]
[WhiteElo "1246"]
[BlackElo "1485"]
[PlyCount "0"]
[EventDate "2015.11.12"]

1.d4 Nf6 2.Nf3 d5 3.Bg5 Bf5 4.e3 h6 5.Bh4 g5 6.Bg3 Ne4 7.Bd3
Bg4 8.c4 e6 9.O-O Nd7 10.Nc3 Nxc3 11.bxc3 dxc4 12.Bxc4 Nb6 13.Be2
Bd6 14.Bxd6 Qxd6 15.Ne5 Bxe2 16.Qxe2 Nd7 17.Nxd7 Qxd7 18.Rab1
O-O-O 19.Rb2 Kb8 20.Qa6 b6 21.a4 Qc8 22.Qb5 Rd5 23.Qb4 a5 24.Qb3
Ka7 25.c4 Rdd8 26.Rc1 Qa6 27.c5 Rb8 28.cxb6+ Qxb6 29.Qxb6+ cxb6
30.Kf1 Rhc8 31.Ra1 Rc4 32.Ke2 Rbc8 33.Kd3 f5 34.Raa2 Ka6 35.f3
Kb7 36.e4 Rb4 37.Rxb4 axb4 38.Rb2 Rc3+ 39.Kd2 Rc4 40.d5 fxe4
41.fxe4 Rxe4 42.dxe6 Kc6 43.Kd3 Rxe6 44.Rxb4 1/2-1/2

[Event "Ïåðâåíñòâî Ìîñêâû ïî øàõìàòàì 2015 ñðåäè"]
[Site "Moscow"]
[Date "2015.11.14"]
[Round "3.1"]
[White "Ïîãîñÿí, Ñòåôàí."]
[Black "Äóäèí, Ãëåá."]
[Result "1-0"]
[WhiteElo "2057"]
[BlackElo "1776"]
[PlyCount "65"]
[EventDate "2015.11.12"]

1. d4 Nf6 2. c4 e6 3. Nf3 d5 4. g3 Be7 5. Bg2 O-O 6. O-O c6 7. Nc3 Nbd7 8. Nd2
b6 9. e4 dxe4 10. Ndxe4 Bb7 11. Bf4 Nxe4 12. Nxe4 Nf6 13. Qe2 Nxe4 14. Qxe4 Rc8
15. Rad1 Bd6 16. Be3 Qe7 17. Rfe1 Rc7 18. Qc2 c5 19. d5 e5 20. f4 f6 21. fxe5
fxe5 22. Qd2 Qf7 23. Bh3 Re7 24. Rf1 Qe8 25. Rxf8+ Qxf8 26. Rf1 Qe8 27. Bg5 Rc7
28. Be6+ Kh8 29. Qf2 Bc8 30. Qf5 h6 31. Bxc8 Qxc8 32. Qg6 Qd7 33. Rf6 1-0

[Event "Ïåðâåíñòâî Ìîñêâû ïî øàõìàòàì 2015 ñðåäè"]
[Site "Moscow"]
[Date "2015.11.14"]
[Round "3.2"]
[White "Áóþêëè, Åãîð."]
[Black "Ïðèâàëîâ, Èãîðü."]
[Result "0-1"]
[WhiteElo "1783"]
[BlackElo "2011"]
[PlyCount "74"]
[EventDate "2015.11.12"]

1. d4 Nf6 2. Nf3 g6 3. c4 Bg7 4. Nc3 O-O 5. e4 d6 6. Be2 Nbd7 7. O-O e5 8. d5
a5 9. Qc2 Ne8 10. Ne1 f5 11. Nd3 Nef6 12. Bg5 h6 13. Bxf6 Nxf6 14. f3 f4 15. c5
g5 16. Qb3 g4 17. cxd6 cxd6 18. Na4 g3 19. h3 b5 20. Qxb5 Bd7 21. Qb3 Rb8 22.
Qa3 Qe8 23. Nc3 Qh5 24. Qxd6 Rbe8 25. Nxf4 exf4 26. Qxf4 Qg5 27. Qxg5 hxg5 28.
Rac1 Nh5 29. Rfd1 Nf4 30. Bc4 Rc8 31. Rc2 Rxc4 32. Rdc1 Bxc3 33. bxc3 Ba4 34.
Rd2 Rfc8 35. e5 Rxc3 36. Rxc3 Rxc3 37. Kf1 Rc1+ 0-1

[Event "Ïåðâåíñòâî Ìîñêâû ïî øàõìàòàì 2015 ñðåäè"]
[Site "Moscow"]
[Date "2015.11.14"]
[Round "3.3"]
[White "Ìàêàðÿí, Ðóäèê."]
[Black "Ëóêüÿíåíêî, Àðòåìèé."]
[Result "1-0"]
[WhiteElo "1988"]
[BlackElo "1711"]
[PlyCount "101"]
[EventDate "2015.11.12"]

1. e4 d6 2. d4 Nf6 3. Nc3 g6 4. Bg5 Bg7 5. f4 c6 6. Qd2 O-O 7. Bd3 Qc7 8. Nf3
Ne8 9. O-O Bg4 10. Ne2 c5 11. f5 Nc6 12. d5 Ne5 13. Nxe5 Bxe5 14. Nf4 c4 15.
Be2 c3 16. bxc3 Bxc3 17. Qe3 Bxa1 18. Bxg4 Bg7 19. fxg6 hxg6 20. Nxg6 Qb6 21.
Qxb6 axb6 22. Nxe7+ Kh8 23. Rf3 Bd4+ 24. Kf1 Kg7 25. Nf5+ Kg6 26. Be7 Nf6 27.
Bxf8 Rxf8 28. Nxd4 Nxg4 29. Rg3 Kh5 30. Ke2 Nf6 31. Kd3 Re8 32. Re3 Ra8 33. Nf5
Ne8 34. Rh3+ Kg6 35. Rh6+ Kg5 36. h4+ Kg4 37. Nxd6 Nxd6 38. Rxd6 Ra3+ 39. c3
Rxa2 40. Rxb6 Kxh4 41. Rxb7 f6 42. Rf7 Ra6 43. c4 Kg3 44. Rg7+ Kf4 45. Rg6 Ke5
46. c5 Ra3+ 47. Kc4 Ra4+ 48. Kb5 Rxe4 49. d6 Ke6 50. Rg7 Rd4 51. Kc6 1-0

[Event "Ïåðâåíñòâî Ìîñêâû ïî øàõìàòàì 2015 ñðåäè"]
[Site "Moscow"]
[Date "2015.11.14"]
[Round "3.4"]
[White "Áåëèêîâ, Ñåìåí."]
[Black "Ñòóêàí, Ìàðòèí."]
[Result "0-1"]
[WhiteElo "1724"]
[BlackElo "1910"]
[PlyCount "141"]
[EventDate "2015.11.12"]

1. e4 e5 2. Nf3 Nc6 3. Bc4 Bc5 4. c3 Nf6 5. d3 d6 6. Nbd2 a6 7. Bb3 h6 8. Nf1
O-O 9. Be3 Bxe3 10. Nxe3 Be6 11. d4 Bxb3 12. Qxb3 exd4 13. cxd4 Nxe4 14. Qxb7
Qd7 15. Rc1 Nc5 16. dxc5 Rfb8 17. Qxa8 Rxa8 18. cxd6 cxd6 19. O-O Ne5 20. Nxe5
dxe5 21. Rfd1 Qe6 22. b3 Rc8 23. Nc4 f6 24. Rd2 Rc5 25. Rcd1 a5 26. h3 a4 27.
Rd6 Qf7 28. g4 axb3 29. axb3 Rc7 30. R1d3 Ra7 31. Rf3 Qb7 32. Kg2 Ra1 33. Rd8+
Kh7 34. Nd2 Rd1 35. Rd6 Kg6 36. Ne4 Rxd6 37. Nxd6 Qd5 38. Nf5 Kf7 39. h4 g6 40.
Ng3 e4 41. Re3 f5 42. gxf5 gxf5 43. Ne2 Kf6 44. Nf4 Qd6 45. Kg3 Qd1 46. f3 Qg1+
47. Ng2 Ke5 48. f4+ Ke6 49. Re1 Qd4 50. Re3 Qd1 51. Kf2 h5 52. Kg3 Kd5 53. Kf2
Kd4 54. Rg3 Qd2+ 55. Kf1 Kc5 56. Re3 Kb4 57. Kg1 Ka3 58. Kf1 Qd1+ 59. Ne1 Qg4
60. Ng2 Kb2 61. Kf2 Kc1 62. Rg3 Qd1 63. Rc3+ Kd2 64. Re3 Qg4 65. Rg3 Qe2+ 66.
Kg1 Qa6 67. Re3 Qb6 68. Kf2 Qd4 69. b4 Qxb4 70. Re2+ Kd3 71. Ne1+ 0-1

[Event "Ïåðâåíñòâî Ìîñêâû ïî øàõìàòàì 2015 ñðåäè"]
[Site "Moscow"]
[Date "2015.11.14"]
[Round "3.5"]
[White "Òàðàñîâ, Äàíèëà."]
[Black "Ìèøóðèñ, Ìàòâåé."]
[Result "1-0"]
[WhiteElo "1893"]
[BlackElo "1693"]
[PlyCount "57"]
[EventDate "2015.11.12"]

1. e4 c5 2. Nf3 Nc6 3. d4 cxd4 4. c3 dxc3 5. Nxc3 e6 6. Bc4 a6 7. O-O Nge7 8.
Qe2 Ng6 9. Be3 Be7 10. Na4 O-O 11. Nb6 Rb8 12. Rfd1 d6 13. Rd2 Qc7 14. Rad1 Rd8
15. Bb3 Bd7 16. Nc4 b5 17. Nxd6 Bxd6 18. Rxd6 Be8 19. Bc5 Rd7 20. Rxd7 Bxd7 21.
Bd6 Qb7 22. Bxb8 Nxb8 23. Qd3 a5 24. Qd6 Bc6 25. Bxe6 Bxe4 26. Ng5 h6 27. Bxf7+
Kh8 28. Qd8+ Nf8 29. Qxf8# 1-0

[Event "Ïåðâåíñòâî Ìîñêâû ïî øàõìàòàì 2015 ñðåäè"]
[Site "Moscow"]
[Date "2015.11.14"]
[Round "3.6"]
[White "Êóæåëåâ, Òèìóð."]
[Black "Ëóïîëîâ, Áîðèñ."]
[Result "1-0"]
[WhiteElo "1594"]
[BlackElo "1889"]
[PlyCount "61"]
[EventDate "2015.11.12"]

1. e4 e5 2. Nc3 Nf6 3. f4 d5 4. fxe5 Nxe4 5. d4 Nxc3 6. bxc3 Qh4+ 7. Ke2 g6 8.
Qd3 b6 9. Qg3 Qe4+ 10. Kd1 Ba6 11. Bd3 Bxd3 12. cxd3 Qf5 13. Qf3 Qxf3+ 14. Nxf3
Nd7 15. Re1 O-O-O 16. Ng5 Re8 17. Nxf7 Rg8 18. e6 Nf6 19. c4 Bb4 20. Bd2 Bxd2
21. Kxd2 Re7 22. cxd5 Nxd5 23. Re5 Nf6 24. h3 c6 25. Rf1 Ne8 26. Ng5 Ng7 27.
Rf7 Rge8 28. Nxh7 Nf5 29. Nf6 Rd8 30. Rxf5 Rxf7 31. exf7 1-0

[Event "Ïåðâåíñòâî Ìîñêâû ïî øàõìàòàì 2015 ñðåäè"]
[Site "Moscow"]
[Date "2015.11.14"]
[Round "3.7"]
[White "Èâëåâ, Àëåêñàíäð."]
[Black "Ïîëÿêîâ, Àíòîí."]
[Result "1-0"]
[WhiteElo "1588"]
[BlackElo "1797"]
[PlyCount "99"]
[EventDate "2015.11.12"]

1. d4 d5 2. Bf4 Nf6 3. Nf3 c6 4. c3 Bf5 5. e3 e6 6. Bd3 Bxd3 7. Qxd3 Be7 8. O-O
O-O 9. Nbd2 Nbd7 10. e4 Nh5 11. Be3 dxe4 12. Nxe4 Nhf6 13. Nfd2 Nxe4 14. Qxe4
Nf6 15. Qc2 Qc7 16. h3 Nd5 17. Rae1 Rad8 18. Nb3 Bd6 19. c4 Nxe3 20. Rxe3 Bf4
21. Rd3 e5 22. Re1 exd4 23. Rxd4 Rde8 24. Rde4 Rxe4 25. Qxe4 h6 26. Qc2 b6 27.
Re4 Qd6 28. Rd4 Re8 29. g3 Qe6 30. Rxf4 Qxh3 31. Re4 Rd8 32. Qe2 Kh7 33. Rh4
Qc8 34. Rd4 Re8 35. Re4 Rd8 36. Re7 f5 37. Rxa7 c5 38. Kh2 Kh8 39. Qe7 Rg8 40.
Nd2 f4 41. Nf3 fxg3+ 42. fxg3 Qg4 43. Qf7 Qe4 44. Nh4 Qe2+ 45. Kh3 Qxb2 46.
Ng6+ Kh7 47. Qf5 Re8 48. Nf8+ Kg8 49. Qh7+ Kxf8 50. Qh8# 1-0

[Event "Ïåðâåíñòâî Ìîñêâû ïî øàõìàòàì 2015 ñðåäè"]
[Site "Moscow"]
[Date "2015.11.14"]
[Round "3.8"]
[White "Ñààêÿí, Âààãí."]
[Black "Ñàõèí, Ëåîíèä."]
[Result "1-0"]
[WhiteElo "1902"]
[BlackElo "1421"]
[PlyCount "109"]
[EventDate "2015.11.12"]

1. e4 e6 2. d4 d5 3. Nd2 dxe4 4. Nxe4 Nd7 5. Nf3 Ngf6 6. Bd3 Be7 7. O-O O-O 8.
Qe2 b6 9. Nxf6+ Nxf6 10. Bg5 Bb7 11. c3 Qd5 12. Rfe1 c5 13. Bc4 Qd6 14. Rad1
Rfe8 15. Bb5 Rf8 16. Bh4 Ne4 17. dxc5 Qxc5 18. b4 Nxc3 19. bxc5 Nxe2+ 20. Bxe2
Bxc5 21. Ne5 Bb4 22. Rf1 Bd5 23. Bf3 Bxf3 24. Nxf3 f6 25. Rd3 e5 26. Rd7 h5 27.
Bg3 g5 28. h3 h4 29. Bh2 Rfd8 30. Rfd1 Rxd7 31. Rxd7 Rc8 32. g3 Rc2 33. gxh4
gxh4 34. Nxh4 Rxa2 35. Ng6 Bc5 36. Bg3 b5 37. Bh4 b4 38. Bxf6 Bf8 39. Bxe5 b3
40. Rb7 Ra3 41. Nxf8 Kxf8 42. Bd6+ Ke8 43. Bxa3 Kd8 44. Rxb3 Kd7 45. h4 Ke6 46.
h5 Kf5 47. Rb7 Kg5 48. Rxa7 Kxh5 49. Rg7 Kh6 50. Bb2 Kh5 51. Kg2 Kh6 52. Kf3
Kh5 53. Kf4 Kh6 54. Kf5 Kh5 55. Rh7# 1-0

[Event "Ïåðâåíñòâî Ìîñêâû ïî øàõìàòàì 2015 ñðåäè"]
[Site "Moscow"]
[Date "2015.11.14"]
[Round "3.9"]
[White "Ëåâêèí, Ëåâ."]
[Black "Ðóñòàìîâ, Ñåçãèí."]
[Result "0-1"]
[WhiteElo "1734"]
[BlackElo "1351"]
[PlyCount "92"]
[EventDate "2015.11.12"]

1. d4 d5 2. c4 e6 3. Nc3 Nf6 4. Nf3 Be7 5. cxd5 exd5 6. Bf4 O-O 7. e3 Nh5 8.
Be5 Nc6 9. Bg3 Bf6 10. Qb3 Nxg3 11. hxg3 Ne7 12. Bd3 g6 13. O-O-O c6 14. Rh2 b5
15. Rdh1 h5 16. Bb1 a5 17. Nh4 a4 18. Qd1 Kg7 19. Qc2 Rh8 20. a3 Qa5 21. Na2
Nf5 22. Qxc6 Nxh4 23. gxh4 Be6 24. Nc3 Rhc8 25. Qd6 Rxc3+ 26. bxc3 Qxc3+ 27.
Kd1 Qb2 28. Qb4 Qxf2 29. Qd2 Bg4+ 30. Kc1 Rc8+ 31. Bc2 Qg3 32. Kb2 Re8 33. Qe1
Bxd4+ 34. Ka2 Qd6 35. Qd2 Bxe3 36. Qd3 d4 37. Rf1 Be6+ 38. Kb2 Qxh2 39. Rxf7+
Bxf7 40. Qxb5 Rb8 41. Bxa4 Rxb5+ 42. Bxb5 Qe5 43. Bd3 Bc4 44. Kc2 Bxd3+ 45.
Kxd3 Qb5+ 46. Ke4 Qf5# 0-1

[Event "Ïåðâåíñòâî Ìîñêâû ïî øàõìàòàì 2015 ñðåäè"]
[Site "Moscow"]
[Date "2015.11.14"]
[Round "3.10"]
[White "Çàêèðîâ, Àðòóð."]
[Black "Êóðóñü, Àðòåì."]
[Result "1/2-1/2"]
[WhiteElo "1648"]
[BlackElo "1630"]
[PlyCount "89"]
[EventDate "2015.11.12"]

1. e4 e5 2. Nf3 Nf6 3. Nc3 Bb4 4. Bb5 c6 5. Ba4 O-O 6. O-O Na6 7. Nxe5 d6 8.
Nf3 Nc5 9. Bb3 Ncxe4 10. Nxe4 Nxe4 11. c3 Ba5 12. d4 Bc7 13. Bc2 d5 14. Re1 Re8
15. Bxe4 dxe4 16. Ng5 Qd6 17. Qh5 Qg6 18. Qxg6 hxg6 19. Rxe4 Rxe4 20. Nxe4 Bf5
21. Nc5 b6 22. Nb3 Re8 23. Bd2 b5 24. Re1 Rxe1+ 25. Bxe1 Bb1 26. a3 Bc2 27. Nc5
Bf4 28. b4 Bc1 29. f3 Be3+ 30. Kf1 Bd1 31. Nd3 Bb3 32. Ke2 Bg1 33. Bg3 Bc4 34.
Kd2 g5 35. Nc1 f5 36. Ne2 Bxe2 37. Kxe2 f4 38. Be1 Bxh2 39. Kd3 Kf7 40. Bf2 Ke6
41. c4 a6 42. cxb5 axb5 43. Kc3 Bg3 44. Bxg3 fxg3 45. Kb3 1/2-1/2

[Event "Ïåðâåíñòâî Ìîñêâû ïî øàõìàòàì 2015 ñðåäè"]
[Site "Moscow"]
[Date "2015.11.14"]
[Round "3.11"]
[White "Ìèíüêî, Äìèòðèé."]
[Black "Äóíàåâ, Äåíèñ."]
[Result "0-1"]
[WhiteElo "1903"]
[BlackElo "1594"]
[PlyCount "86"]
[EventDate "2015.11.12"]

1. e4 e6 2. d4 d5 3. Nc3 Bb4 4. e5 Ne7 5. a3 Bxc3+ 6. bxc3 c5 7. Nf3 Nbc6 8.
Bd3 Ng6 9. h4 c4 10. Be2 h6 11. h5 Nge7 12. Nh4 b5 13. Rh3 Nf5 14. Nxf5 exf5
15. Bf4 Be6 16. Qd2 Qa5 17. Rg3 Kf8 18. Bf3 Rb8 19. Ke2 Qa4 20. Qc1 Rb6 21. Kf1
Ra6 22. Qb2 Kg8 23. Bd2 Kh7 24. Qc1 Rb8 25. Be2 Qa5 26. Kg1 Qd8 27. Qe1 Qe7 28.
Bc1 b4 29. cxb4 Nxb4 30. Qc3 Nc6 31. Be3 Rab6 32. Rd1 Rb1 33. Bc1 R1b6 34. Qe3
Rb1 35. Qc3 a6 36. Qf3 Nxd4 37. Rxd4 Rxc1+ 38. Kh2 Rbb1 39. Rd1 Rxd1 40. Bxd1
Qh4+ 41. Rh3 Qd4 42. Be2 Qxe5+ 43. g3 Re1 0-1

[Event "Ïåðâåíñòâî Ìîñêâû ïî øàõìàòàì 2015 ñðåäè"]
[Site "Moscow"]
[Date "2015.11.14"]
[Round "3.12"]
[White "Ñóááîòèí, Ìóðàò."]
[Black "Ìîðîçîâ, Ôåäîð."]
[Result "1-0"]
[WhiteElo "1862"]
[BlackElo "1574"]
[PlyCount "133"]
[EventDate "2015.11.12"]

1. e4 e6 2. d3 d5 3. Nd2 c5 4. Ngf3 b6 5. g3 Bb7 6. Bg2 Nc6 7. O-O Nf6 8. e5
Nd7 9. Re1 Qc7 10. Qe2 Be7 11. h4 h6 12. h5 O-O-O 13. Nf1 Rdg8 14. c3 g6 15.
hxg6 Rxg6 16. Bf4 Bg5 17. Qe3 Bxf4 18. Qxf4 Rg7 19. N1h2 h5 20. a3 Ne7 21. Nh4
Ng6 22. Nxg6 fxg6 23. Nf3 Qd8 24. Qg5 Qe8 25. Rac1 Kb8 26. d4 Rf8 27. Nh4 Qf7
28. Rc2 Ba6 29. Re3 Bc4 30. Rf3 Qe8 31. Rxf8 Qxf8 32. Bh3 Qe8 33. Rd2 Kc7 34.
Ng2 Qf7 35. Nf4 Nf8 36. Qf6 Qxf6 37. exf6 Rf7 38. Bxe6 Nxe6 39. Nxe6+ Kd6 40.
Nf4 Rxf6 41. Rd1 g5 42. Nxh5 Rh6 43. Ng7 Rh7 44. Nf5+ Ke6 45. Ne3 Be2 46. Re1
Bf3 47. Ng4+ Kf5 48. Nh2 g4 49. Re3 Be4 50. f3 gxf3 51. Nxf3 Bxf3 52. Rxf3+ Ke4
53. Rf4+ Kd3 54. Kg2 Kc2 55. Rf2+ Kd3 56. Rf3+ Kc2 57. dxc5 Kxb2 58. cxb6 axb6
59. Rd3 Kxa3 60. Rxd5 Kb3 61. Rd3 Rc7 62. g4 Rxc3 63. Rxc3+ Kxc3 64. g5 b5 65.
g6 b4 66. g7 b3 67. g8=Q 1-0

[Event "Ïåðâåíñòâî Ìîñêâû ïî øàõìàòàì 2015 ñðåäè"]
[Site "Moscow"]
[Date "2015.11.14"]
[Round "3.13"]
[White "Æóêîâ, Àíòîí."]
[Black "Òðîôèìîâ, Áîðèñ."]
[Result "1-0"]
[WhiteElo "1771"]
[BlackElo "1560"]
[PlyCount "133"]
[EventDate "2015.11.12"]

1. d4 d5 2. c4 c6 3. Nc3 Nf6 4. Nf3 e6 5. Qd3 Be7 6. g3 O-O 7. Bg2 Nbd7 8. O-O
dxc4 9. Qxc4 Nb6 10. Qb3 Nbd5 11. Rd1 Qb6 12. Qxb6 axb6 13. Ne5 Nd7 14. Nxd7
Bxd7 15. e4 Nf6 16. d5 Bc5 17. Be3 Bxe3 18. fxe3 h6 19. Bf3 Rfd8 20. b3 Kf8 21.
Na4 cxd5 22. Nxb6 Ra6 23. Nxd7+ Rxd7 24. exd5 Nxd5 25. Rd2 Ke7 26. Rad1 Rad6
27. Bxd5 exd5 28. Rd4 Ke6 29. e4 Ke5 30. exd5 Rxd5 31. Rxd5+ Rxd5 32. Re1+ Kd6
33. Re2 Re5 34. Rd2+ Kc6 35. Kf2 f5 36. Rd4 g5 37. h3 Ra5 38. Rd2 Rd5 39. Rc2+
Kb6 40. Re2 Kc5 41. Rc2+ Kb4 42. Rc4+ Ka3 43. Ra4+ Kb2 44. h4 g4 45. Ke3 b6 46.
Rb4 b5 47. a4 bxa4 48. bxa4+ Kc3 49. Rb6 Rd3+ 50. Kf4 Rf3+ 51. Ke5 h5 52. Rh6
Kb4 53. Rxh5 Rxg3 54. Kxf5 Rg1 55. Rg5 g3 56. h5 g2 57. Kg6 Kxa4 58. h6 Kb3 59.
h7 Rh1 60. h8=Q g1=Q 61. Rxg1 Rxg1+ 62. Kf5 Rf1+ 63. Ke4 Re1+ 64. Kd3 Rg1 65.
Qb8+ Ka2 66. Qa7+ Kb3 67. Qxg1 1-0

[Event "Ïåðâåíñòâî Ìîñêâû ïî øàõìàòàì 2015 ñðåäè"]
[Site "Moscow"]
[Date "2015.11.14"]
[Round "3.14"]
[White "Çàéöåâ, Þðèé."]
[Black "×åðâîíåíêèñ, Áîðèñ."]
[Result "0-1"]
[WhiteElo "1554"]
[BlackElo "1766"]
[PlyCount "82"]
[EventDate "2015.11.12"]

1. e4 e6 2. d4 d5 3. exd5 exd5 4. Nf3 Bd6 5. c4 c6 6. Nc3 Ne7 7. Bd3 O-O 8. O-O
h6 9. Ne5 Be6 10. Qe2 Nd7 11. f4 dxc4 12. Nxc4 Bxc4 13. Bxc4 Nf6 14. f5 Qd7 15.
Qf3 Bc7 16. Be3 Rfe8 17. Rae1 Bb6 18. Kh1 Bxd4 19. Bxd4 Qxd4 20. Bb3 Qd7 21.
Ne4 Nxe4 22. Rxe4 Nd5 23. Rd4 Rad8 24. f6 g6 25. Bxd5 cxd5 26. h4 Re5 27. g4
Qe6 28. Qf4 Kh7 29. h5 gxh5 30. Rg1 Rg8 31. Rb4 hxg4 32. Rxg4 Qxg4 33. Qxg4
Rxg4 34. Rxg4 Rg5 35. Rf4 Kg6 36. Rb4 b6 37. Ra4 a5 38. b4 Rg4 39. Ra3 Rxb4 40.
Rd3 d4 41. Rd2 Kxf6 0-1

[Event "Ïåðâåíñòâî Ìîñêâû ïî øàõìàòàì 2015 ñðåäè"]
[Site "Moscow"]
[Date "2015.11.14"]
[Round "3.15"]
[White "Ïëàêñèí, Èãîðü."]
[Black "Ìàõëèí, Ìèðîí."]
[Result "0-1"]
[WhiteElo "1516"]
[BlackElo "1726"]
[PlyCount "90"]
[EventDate "2015.11.12"]

1. e4 c6 2. d4 d5 3. exd5 cxd5 4. c4 Nf6 5. Nc3 g6 6. Qb3 Bg7 7. cxd5 Nbd7 8.
Be2 Nb6 9. Bf3 O-O 10. Nge2 Bg4 11. Bxg4 Nxg4 12. O-O Nf6 13. Nf4 Qd7 14. Re1
Rfd8 15. Bd2 Nfxd5 16. Nfxd5 Nxd5 17. Nxd5 Qxd5 18. Rxe7 Bxd4 19. Qxd5 Rxd5 20.
Rxb7 Bxf2+ 21. Kxf2 Rxd2+ 22. Kg1 Rc8 23. Rf1 Rcc2 24. Rfxf7 Rxg2+ 25. Kf1 Rxh2
26. Kg1 Rhd2 27. Rxa7 Rxb2 28. a4 Ra2 29. Rf4 g5 30. Rf5 g4 31. Rg5+ Kf8 32.
Rf5+ Ke8 33. Re5+ Kd8 34. Re1 h5 35. Rb1 Kc8 36. Re1 Rg2+ 37. Kh1 Rh2+ 38. Kg1
Rag2+ 39. Kf1 Rh1+ 40. Kxg2 Rxe1 41. Kg3 Rd1 42. a5 Rd7 43. Ra8+ Kb7 44. Rh8
Rd5 45. Kf4 Rxa5 0-1

[Event "Ïåðâåíñòâî Ìîñêâû ïî øàõìàòàì 2015 ñðåäè"]
[Site "Moscow"]
[Date "2015.11.14"]
[Round "3.16"]
[White "Ñîëîâüåâ, Âëàäèñëàâ."]
[Black "Æåðäåâ, Ñâÿòîñëàâ."]
[Result "1-0"]
[WhiteElo "1692"]
[BlackElo "1519"]
[PlyCount "57"]
[EventDate "2015.11.12"]

1. e4 d5 2. exd5 Nf6 3. Nf3 Nxd5 4. d4 g6 5. c4 Nb6 6. Nc3 Bg7 7. c5 Nd5 8. Bc4
c6 9. O-O O-O 10. Re1 Be6 11. Qb3 Qd7 12. Bg5 Re8 13. Rad1 Na6 14. Bxa6 bxa6
15. Qa4 Rab8 16. Rd2 Qb7 17. Bh4 Rbd8 18. Bg3 Bh6 19. Rde2 Nf4 20. Bxf4 Bxf4
21. d5 Bxh2+ 22. Kxh2 cxd5 23. Ng5 d4 24. Nxe6 fxe6 25. Nd1 Qc7+ 26. Kg1 Qxc5
27. Rxe6 d3 28. Qb3 Kh8 29. Qc3+ 1-0

[Event "Ïåðâåíñòâî Ìîñêâû ïî øàõìàòàì 2015 ñðåäè"]
[Site "Moscow"]
[Date "2015.11.14"]
[Round "3.17"]
[White "Àãàáåêîâ, Ñàâåëèé."]
[Black "Àí÷èêîâ, Âëàäèìèð."]
[Result "0-1"]
[WhiteElo "1502"]
[BlackElo "1691"]
[PlyCount "82"]
[EventDate "2015.11.12"]

1. e4 e5 2. Nf3 Nc6 3. Bc4 Bc5 4. c3 Nf6 5. d4 exd4 6. e5 d5 7. Be2 Ne4 8. cxd4
Bb6 9. O-O O-O 10. Nc3 Be6 11. Be3 f6 12. Rc1 fxe5 13. dxe5 Bxe3 14. fxe3 Nxc3
15. Rxc3 Qe7 16. Bb5 Nd8 17. Qd4 c6 18. Ba4 Bf5 19. Bb3 Ne6 20. Qh4 Qxh4 21.
Nxh4 Be4 22. Nf3 Rae8 23. Bc2 Bxc2 24. Rxc2 Nd8 25. Rcf2 Nf7 26. e6 Nd8 27. Ng5
Rxf2 28. Rxf2 Nxe6 29. Nxe6 Rxe6 30. Re2 d4 31. e4 c5 32. b3 Kf7 33. Kf2 Kf6
34. Kf3 Ke5 35. Rc2 b6 36. Re2 Rf6+ 37. Kg3 d3 38. Re1 Kd4 39. e5 Re6 40. Kf4
d2 41. Rd1 Kd3 0-1